Aplikácia výpočtu ustáleného chodu sústavy pri riešení regulácie napätia a jalového výkonu v uzlovej oblasti Križovany

Bibliographic Details
Main Authors: Červený, Miloš (Author), Novák, Milan, 1947-2015 (Author)
Format: Article
Language:Slovak

MARC

LEADER 00000nab a2200000uu 4500
001 vtls011458980
003 SK-MaSNL
005 20260303132040.0
008 230218|1996 xo |||||||||||||||||slo|
015 |a SNBRB 
035 |a (urnnbn)urn:nbn:sk:snk:ar-a0a6ly 
035 |a (uuid)b40bf45a-538d-4fc7-ad31-0d6ecb6e576d 
035 |a urn:nbn:sk:snk-abct7v 
040 |a SNKBUCL  |b slo  |c SNKBUCL  |e AACR2 
041 0 |a slo 
044 |a xo  |c SK 
100 1 |a Červený, Miloš  |4 aut  |9 1149361 
245 1 0 |a Aplikácia výpočtu ustáleného chodu sústavy pri riešení regulácie napätia a jalového výkonu v uzlovej oblasti Križovany  |c Miloš Červený, Milan Novák 
700 1 |a Novák, Milan,  |d 1947-2015  |4 aut  |9 155045 
773 0 |t EE : časopis pre elektrotechniku a energetiku  |g Roč. 2, č. 3 (1996), s. 23-25 
954 |a odborná, vedecká literatúra pôvodná (slovenská)  |2 lita 
958 |a OND 
958 |a EUIPO 
958 |a article16 
999 |c 1948821  |d 1950751